01895cam a2200217 i 4500020001800000020001500018040001000033082002600043245009200069246004500161300005600206520108300262650002201345650002501367650001101392700002501403710004201428856005601470856005501526856009601581 a9789811521560 a9811521565 cEBLCP04a571 HAS 2020 A006 Or.00aPlant ecophysiology and adaptation under climate change :bmechanisms and perspectives.30aGeneral consequences and plant responses a1 online resource (xxi, 859 pages) :billustrations aThis book presents the state-of-the-art in plant ecophysiology. With a particular focus on adaptation to a changing environment, it discusses ecophysiology and adaptive mechanisms of plants under climate change. Over the centuries, the incidence of various abiotic stresses such as salinity, drought, extreme temperatures, atmospheric pollution, metal toxicity due to climate change have regularly affected plants and, and some estimates suggest that environmental stresses may reduce the crop yield by up to 70%. This in turn adversely affects the food security. As sessile organisms, plants are frequently exposed to various environmental adversities. As such, both plant physiology and plant ecophysiology begin with the study of responses to the environment. Provides essential insights, this book can be used for courses such as Plant Physiology, Environmental Science, Crop Production and Agricultural Botany. Volume 1 provides up-to-date information on the impact of climate change on plants, the general consequences and plant responses to various environmental stresses 0aClimatic changes. 0aPlant ecophysiology. 0aPlants1 aHasanuzzaman, Mirza,2 aOhio Library and Information Network.40uhttps://rave.ohiolink.edu/ebooks/ebc2/978981152156040uhttp://link.springer.com/10.1007/978-981-15-2156-040uhttp://proxy.ohiolink.edu:9099/login?url=http://link.springer.com/10.1007/978-981-15-2156-0